000 00757nam a2200265Ia 4500
003 OSt
005 20220918174235.0
006 a|||||r|||| 00| 0
007 ta
008 220917b |||||||| |||| 00| 0 eng d
024 _a11,237
037 _cTextual
040 _aARTS
_cARTS
_beng
041 _2eng
_aeng
082 _aMK:4:26:2:K2, H9
100 _aMorgan Banner Bill
_949656
245 0 _aVeterinary protozoology
260 _aMinneapolis
_bBurgess publishing company
_c1949
300 _a191
_ccm.
490 _aVeterinary protozoology
650 _aINDUSTRIAL ARTS
700 _a Hawkins Philip A
_949657
942 _hMK:4:26:2:K2, H9
_cTEXL
_2CC
999 _c152351
_d152351